000
00276nam a2200121Ia 4500
008
260210s9999 xx 000 0 und d
020
_a
9783035624397
100
_a
ANTON FOLKIES
245
0
_a
NONLINEAR URBANISM
260
_b
BIRKAHUSER 2021
260
_c
2021
942
_c
RD
999
_c
13951
_d
13951